Begin Chess (Record no. 9809)
[ view plain ]
| 000 -LEADER | |
|---|---|
| fixed length control field | 00461nam a22001817a 4500 |
| 003 - CONTROL NUMBER IDENTIFIER | |
| control field | OSt |
| 005 - DATE AND TIME OF LATEST TRANSACTION | |
| control field | 20140310182138.0 |
| 008 - FIXED-LENGTH DATA ELEMENTS--GENERAL INFORMATION | |
| fixed length control field | 130829t xxu||||| |||| 00| 0 eng d |
| 020 ## - INTERNATIONAL STANDARD BOOK NUMBER | |
| International Standard Book Number | 9780716021001 |
| 050 ## - LIBRARY OF CONGRESS CALL NUMBER | |
| Classification number | GV 1446 |
| Item number | P961 |
| 082 ## - DEWEY DECIMAL CLASSIFICATION NUMBER | |
| Classification number | HS 794.1 |
| Item number | P93 1998 |
| 100 ## - MAIN ENTRY--PERSONAL NAME | |
| Personal name | Pritchard D. B. |
| 9 (RLIN) | 15118 |
| 245 ## - TITLE STATEMENT | |
| Title | Begin Chess |
| Statement of responsibility, etc | D.B. Pritchard. |
| 260 ## - PUBLICATION, DISTRIBUTION, ETC. (IMPRINT) | |
| Place of publication, distribution, etc | right way, |
| Date of publication, distribution, etc | c 1998. |
| 300 ## - PHYSICAL DESCRIPTION | |
| Extent | 153 p. : |
| Other physical details | ill. ; |
| Dimensions | 20 cm. |
| 942 ## - ADDED ENTRY ELEMENTS (KOHA) | |
| Source of classification or shelving scheme | Library of Congress Classification |
| Koha item type | |
| Withdrawn status | Lost status | Source of classification or shelving scheme | Damaged status | Home library | Current library | Shelving location | Date acquired | Total Checkouts | Full call number | Barcode | Date last seen | Date checked out | Copy number | Price effective from | Koha item type |
|---|---|---|---|---|---|---|---|---|---|---|---|---|---|---|---|
| Library of Congress Classification | Luxembourg Library | Luxembourg Library | High School Section | 08/29/2013 | 3 | GV 1446 .P961 1998 | 8027 | 05/17/2023 | 05/10/2023 | 1 | 08/29/2013 | Books |